Die 10 größten Städte - Texas - Statistiken

Allgemein
  • Dieses Quiz wurde 152 mal gespielt
  • Das Durchschnittsergebnis liegt bei 6 aus 10
Antwortstatistiken
Einwohnerzahl Stadt % Korrekt
1.304.379 Dallas
98%
2.304.580 Houston
98%
961.855 Austin
90%
1.434.625 San Antonio
81%
918.915 Fort Worth
74%
678.815 El Paso
71%
317.863 Corpus Christi
36%
394.266 Arlington
28%
257.141 Lubbock
18%
285.494 Plano
17%
Keine übereinstimmenden Quizze gefunden
Verteilung der Resultate
Anzahl Personen mit jedem Resultat
Perzentil nach korrekt beantworteten Fragen
Ihre Resultats-Entwicklung
Sie haben dieses Quiz noch nicht gespielt